[Event "GER-chT School WK H+R"]
[Site "Playchess.com INT"]
[Date "2020.06.17"]
[Round "5.2"]
[White "Fischer, John"]
[Black "Lang, Nico"]
[Result "1-0"]
[WhiteElo "1669"]
[BlackElo "1890"]
[PlyCount "51"]
[EventDate "2020.06.10"]
[EventType "team-swiss (blitz)"]
[EventRounds "7"]
[EventCountry "GER"]
[SourceTitle "EXT 2021"]
[Source "ChessBase"]
[SourceDate "2020.10.23"]
[SourceVersion "1"]
[SourceVersionDate "2020.10.23"]
[SourceQuality "1"]
[WhiteTeam "Hasbergen Oberschule"]
[BlackTeam "Ahlen Fritz"]
[WhiteTeamCountry "GER"]
[BlackTeamCountry "GER"]

1. d4 d5 2. Nc3 Nf6 3. Bf4 g6 4. f3 Bg7 5. Qd2 Bf5 6. g4 Be6 7. h4 h5 8. gxh5 Nxh5 9. Bh3 Nxf4 10. Qxf4 Bh6 11. Qg3 Bxh3 12. Rxh3 Nc6 13. Qf2 Qd7 14. e3 0-0-0 15. 0-0-0 Qe6 16. f4 Bg7 17. Rh2 Bf6 18. Nf3 Rh5 19. Ng5 Bxg5 20. fxg5 f5 21. gxf6 exf6 22. Re1 f5 23. Qf3 Nxd4 24. Qg3 Nc6 25. Nb5 a6 26. Qxc7# 1-0

[Event "GER-chT School WK H+R"]
[Site "Playchess.com INT"]
[Date "2020.06.10"]
[Round "1.2"]
[White "Fischer, John"]
[Black "Bradfield, Liam"]
[Result "0-1"]
[WhiteElo "1669"]
[BlackElo "1641"]
[PlyCount "122"]
[EventDate "2020.06.10"]
[EventType "team-swiss (blitz)"]
[EventRounds "7"]
[EventCountry "GER"]
[SourceTitle "EXT 2021"]
[Source "ChessBase"]
[SourceDate "2020.10.23"]
[SourceVersion "1"]
[SourceVersionDate "2020.10.23"]
[SourceQuality "1"]
[WhiteTeam "Hasbergen Oberschule"]
[BlackTeam "Fuerth HBS"]
[WhiteTeamCountry "GER"]
[BlackTeamCountry "GER"]

1. d4 Nc6 2. Nc3 d5 3. Bf4 Bf5 4. f3 e6 5. g4 Bg6 6. h4 h6 7. e3 Bd6 8. Nh3 Nge7 9. Bd3 e5 10. dxe5 Bxe5 11. Bxe5 Nxe5 12. Bxg6 fxg6 13. Qe2 0-0 14. 0-0-0 c6 15. f4 Nc4 16. e4 Qa5 17. exd5 cxd5 18. Qxe7 Rf7 19. Qe6 Rd8 20. f5 gxf5 21. g5 Qb4 22. Rdg1 Qxb2+ 23. Kd1 Qxc3 24. Rh2 Qa1+ 25. Ke2 Qe5+ 26. Qxe5 Nxe5 27. gxh6 Ng4 28. Rhg2 Re8+ 29. Kd2 gxh6 30. Nf2 Rg7 31. Nxg4 fxg4 32. Rxg4 Rxg4 33. Rxg4+ Kf7 34. Rd4 Ke6 35. Rb4 b6 36. Ra4 Re7 37. Kd3 Kd6 38. c4 Re4 39. Rxa7 Rxh4 40. Ra6 dxc4+ 41. Kc3 Kc5 42. Ra8 Rh3+ 43. Kc2 Rh2+ 44. Kc3 h5 45. Rc8+ Kb5 46. a4+ Kxa4 47. Rxc4+ Ka5 48. Rc7 h4 49. Kc4 Rc2+ 50. Kd3 Rxc7 51. Ke2 h3 52. Kf2 h2 53. Kg2 Rh7 54. Kh1 b5 55. Kg2 b4 56. Kh1 b3 57. Kg2 b2 58. Kf2 h1Q 59. Kg3 Qf1 60. Kg4 Rg7+ 61. Kh5 Qh1# 0-1

[Event "GER-chT School WK H+R"]
[Site "Playchess.com INT"]
[Date "2020.06.10"]
[Round "3.2"]
[White "Fischer, John"]
[Black "Mierek, Simon"]
[Result "0-1"]
[WhiteElo "1669"]
[BlackElo "1894"]
[PlyCount "98"]
[EventDate "2020.06.10"]
[EventType "team-swiss (blitz)"]
[EventRounds "7"]
[EventCountry "GER"]
[SourceTitle "EXT 2021"]
[Source "ChessBase"]
[SourceDate "2020.10.23"]
[SourceVersion "1"]
[SourceVersionDate "2020.10.23"]
[SourceQuality "1"]
[WhiteTeam "Hasbergen Oberschule"]
[BlackTeam "Salzstrasse Realschule"]
[WhiteTeamCountry "GER"]
[BlackTeamCountry "GER"]

1. d4 d5 2. Nc3 Bf5 3. Bf4 e6 4. f3 Bb4 5. g4 Bg6 6. h4 h6 7. e3 Nc6 8. Bd3 Bxc3+ 9. bxc3 Nge7 10. Rb1 b6 11. Bxg6 Nxg6 12. Nh3 Nxh4 13. Qd3 Nxf3+ 14. Kf2 Nh4 15. Qb5 Qd7 16. g5 a6 17. Qd3 hxg5 18. Nxg5 f6 19. Nf3 g5 20. Nxh4 gxf4 21. Qg6+ Qf7 22. Qd3 fxe3+ 23. Qxe3 e5 24. dxe5 fxe5+ 25. Ke1 0-0-0 26. Qh3+ Kb7 27. Qe3 Qf6 28. Qh3 Rh6 29. Ke2 Rdh8 30. Rxb6+ Kxb6 31. Rb1+ Kc5 32. Qe3+ d4 33. cxd4+ Nxd4+ 34. Ke1 Qxh4+ 35. Kd2 Qf4 36. Qxf4 exf4 37. Rf1 Rf8 38. c3 Nc6 39. a4 Re6 40. Kc2 Kc4 41. Rf2 f3 42. a5 Re2+ 43. Rxe2 fxe2 44. Kd2 Re8 45. Ke1 Kxc3 46. Kf2 e1Q+ 47. Kf3 Qf1+ 48. Kg3 Rg8+ 49. Kh2 Qg2# 0-1

[Event "Niedersachsen-ch op-C"]
[Site "Verden an der Aller"]
[Date "2020.01.04"]
[Round "5"]
[White "Esche, Frieder"]
[Black "Fischer, John"]
[Result "1-0"]
[WhiteElo "1486"]
[BlackElo "1334"]
[PlyCount "113"]
[EventDate "2020.01.02"]
[EventType "swiss"]
[EventRounds "7"]
[EventCountry "GER"]
[SourceTitle "EXT 2023"]
[Source "ChessBase"]
[SourceDate "2022.10.05"]
[SourceVersion "1"]
[SourceVersionDate "2022.10.05"]
[SourceQuality "1"]

1. e4 c5 2. Nf3 Nc6 3. c3 e6 4. d4 Qa5 5. Be3 cxd4 6. Nxd4 Bc5 7. Nb3 Qc7 8. Bxc5 Nf6 9. f3 b6 10. Bd6 Qb7 11. Be2 Na5 12. Nd4 a6 13. 0-0 b5 14. Nd2 Qb6 15. e5 Nd5 16. Qc1 Nf4 17. Bd1 f6 18. Ne4 fxe5 19. Bxe5 Nd3 20. Qg5 Nxe5 21. Qxe5 0-0 22. Bc2 Nc6 23. Qc5 Qc7 24. Kh1 Bb7 25. Qh5 Nxd4 26. Ng5 h6 27. Be4 Bxe4 28. Nxe4 Nf5 29. Rfe1 Nd6 30. Qe5 Ne8 31. Qd4 Rf5 32. Ng3 Rd5 33. Qg4 Nf6 34. Qh4 Rd2 35. Rab1 Qc5 36. Ne4 Nxe4 37. Qxe4 Qf2 38. Qxa8+ Kh7 39. Rg1 Rxb2 40. Rxb2 Qxb2 41. Qe4+ Kg8 42. Qa8+ Kh7 43. Qxa6 Qxc3 44. Qxb5 d5 45. a4 d4 46. Qe5 Qb4 47. a5 Qc4 48. h3 Kg6 49. Kh2 Kf7 50. Re1 d3 51. Re4 Qb3 52. Rd4 Qc2 53. a6 d2 54. Qf4+ Ke7 55. Qxd2 Qc7+ 56. Kh1 Qb6 57. Qb4+ 1-0

[Event "GER-ch U25-C"]
[Site "Willingen"]
[Date "2019.06.12"]
[Round "6"]
[White "Fischer, John"]
[Black "Buchholz, Jan Robert"]
[Result "1-0"]
[WhiteElo "1374"]
[BlackElo "1229"]
[PlyCount "57"]
[EventDate "2019.06.08"]
[EventType "swiss"]
[EventRounds "9"]
[EventCountry "GER"]
[SourceTitle "CBM 191 Extra"]
[Source "ChessBase"]
[SourceDate "2019.09.30"]
[SourceVersion "1"]
[SourceVersionDate "2019.09.30"]
[SourceQuality "1"]

1. d4 Nf6 2. Nc3 d5 3. Bf4 c6 4. e3 Bf5 5. f3 h6 6. g4 Bh7 7. Bd3 e6 8. Qd2 Be7 9. 0-0-0 Nbd7 10. Bxh7 Nxh7 11. h4 Bxh4 12. e4 Bg5 13. exd5 cxd5 14. Nh3 Bxf4 15. Qxf4 g5 16. Qg3 Qf6 17. Rhf1 Rc8 18. f4 gxf4 19. Rxf4 Qg6 20. Rf2 Ng5 21. Nf4 Qh7 22. Re2 Nf6 23. Nfxd5 Nxd5 24. Nxd5 Ne4 25. Rxe4 Rxc2+ 26. Kb1 Kf8 27. Qd6+ Kg7 28. Qe5+ Kf8 29. Kxc2 1-0

[Event "GER-ch U25-C"]
[Site "Willingen"]
[Date "2019.06.11"]
[Round "4"]
[White "Fischer, John"]
[Black "Jagodzinsky, Lukas"]
[Result "1-0"]
[WhiteElo "1374"]
[BlackElo "1026"]
[PlyCount "51"]
[EventDate "2019.06.08"]
[EventType "swiss"]
[EventRounds "9"]
[EventCountry "GER"]
[SourceTitle "CBM 191 Extra"]
[Source "ChessBase"]
[SourceDate "2019.09.30"]
[SourceVersion "1"]
[SourceVersionDate "2019.09.30"]
[SourceQuality "1"]

1. d4 d5 2. Nc3 Nf6 3. Bf4 Bf5 4. e3 Nc6 5. f3 e6 6. h4 h6 7. g4 Bh7 8. Bd3 Bb4 9. Nge2 Qe7 10. Bxh7 Rxh7 11. Qd3 0-0-0 12. 0-0-0 a6 13. g5 Nd7 14. Qxh7 hxg5 15. hxg5 g6 16. Qg7 Qe8 17. Rh7 f5 18. gxf6 Kb8 19. Bg5 Qg8 20. Rdh1 Qxg7 21. fxg7 Be7 22. Bxe7 Nxe7 23. Rh8 Rc8 24. Rxc8+ Nxc8 25. g8Q b6 26. Rh8 1-0

[Event "GER-ch U25-C"]
[Site "Willingen"]
[Date "2019.06.09"]
[Round "1"]
[White "Ott, Linda"]
[Black "Fischer, John"]
[Result "0-1"]
[WhiteElo "1122"]
[BlackElo "1374"]
[PlyCount "74"]
[EventDate "2019.06.08"]
[EventType "swiss"]
[EventRounds "9"]
[EventCountry "GER"]
[SourceTitle "CBM 191 Extra"]
[Source "ChessBase"]
[SourceDate "2019.09.30"]
[SourceVersion "1"]
[SourceVersionDate "2019.09.30"]
[SourceQuality "1"]

1. e4 d5 2. Nc3 dxe4 3. Nxe4 Bf5 4. Ng3 Bg6 5. Bc4 Nf6 6. Nf3 e6 7. c3 Bd6 8. 0-0 0-0 9. d4 c6 10. Bd3 Bxd3 11. Qxd3 Qc7 12. Bg5 Nbd7 13. h4 Bxg3 14. fxg3 Qxg3 15. Ne5 Qxd3 16. Nxd3 Ne4 17. Be3 Rac8 18. Rae1 Rfe8 19. Bf4 Nef6 20. Rf3 h6 21. Ne5 Nxe5 22. Rxe5 Nd5 23. Bd2 f6 24. Rh5 f5 25. Rg3 Kh7 26. Bg5 Kg6 27. Rxh6+ gxh6 28. h5+ Kxh5 29. Bd2 f4 30. Rg7 Rc7 31. g4+ Kh4 32. Be1+ Kh3 33. Rg6 Rh7 34. g5 hxg5 35. Rxg5 Ree7 36. Kf2 Reg7 37. Re5 Kg4 0-1

[Event "Niedersachsen-ch op C"]
[Site "Verden"]
[Date "2019.01.06"]
[Round "7"]
[White "Rehpenn, Tom"]
[Black "Fischer, John"]
[Result "0-1"]
[WhiteElo "900"]
[BlackElo "1187"]
[PlyCount "42"]
[EventDate "2019.01.03"]
[EventType "swiss"]
[EventRounds "7"]
[EventCountry "GER"]
[SourceTitle "EXT 2022"]
[Source "ChessBase"]
[SourceDate "2021.10.06"]
[SourceVersion "1"]
[SourceVersionDate "2021.10.06"]
[SourceQuality "1"]

1. e4 d5 2. exd5 Qxd5 3. Nc3 Qa5 4. d4 Nf6 5. Nf3 Bg4 6. Bg5 Nc6 7. Be2 0-0-0 8. 0-0 e5 9. Bxf6 gxf6 10. d5 Bb4 11. Qc1 Bxc3 12. bxc3 Rxd5 13. h3 Bh5 14. c4 Rdd8 15. Rd1 e4 16. Qb2 exf3 17. Rab1 b6 18. gxf3 Qg5+ 19. Kh1 Rxd1+ 20. Rxd1 Rg8 21. Qb1 Qg2# 0-1